| 000 | 01012nam a22003017i 4500 | ||
|---|---|---|---|
| 003 | DO-SdBNP | ||
| 005 | 20250502141038.0 | ||
| 007 | ta | ||
| 008 | 250502b2013 201||||| |||| 00| 0 eng d | ||
| 020 | _a9789945886511 | ||
| 040 |
_aDO-SdBNP _bspa _cBNPHU _erda |
||
| 041 | _hspa | ||
| 082 |
_axxx _bD919m _222 |
||
| 100 | 1 |
_aDunker L., José, _d1943- _eautor _91027 |
|
| 245 | 1 | 0 |
_aMarco tridimensional 3-D : _buna nueva epistemología para las ciencias humanas / _cJosé Dunker Lambert ; prólogo Pablo Pascual Báez. |
| 250 | _aPrimera edición | ||
| 264 |
_aSanto Domingo : _bPapeles Soñados, _c2013 |
||
| 300 |
_a165 páginas ; _c22 cm |
||
| 336 |
_ardacontent _btexto _2txt |
||
| 337 |
_ardamedia _bsin mediación _2n |
||
| 338 |
_ardacarrier _bvolumen _2nc |
||
| 500 | _aIncluye datos biográficos del autor en la contracubierta. | ||
| 504 | _aBibliografía : p. 179-189 | ||
| 590 | _aInventariado, 2025/DG | ||
| 700 | 1 |
_aBáez, Pablo Pascual _eprólogo _920922 |
|
| 910 | _aDG | ||
| 942 |
_2ddc _cLBS1 |
||
| 999 |
_c58925 _d58925 |
||